000 01042nam a2200289 i 4500
003 EG-GICUC
005 20260220122218.0
008 260220s1953 us ||||fr|||| 000 0 eng d
040 _aEG-GiCUC
_beng
_cEG-GiCUC
_dEG-GiCUC
_eRda
082 0 4 _221
_a341.81
_bDE . N
092 0 4 _221
099 _aLaw1 12 341.81 DE . N 1953
100 1 _aDeutsch, Karl W
_eAuthor.
245 1 0 _aNationalism and Social Communication :
_bAn Inquiry Into the Foundations of Nationality /
_cKarl W. Deutsch.
_n
264 3 _aNew York :
_bPublished Jointly by the Technology Press of the Massachusetts Institute of Technology and John Wiley & Sons,
_c1953.
300 _a292page :
_billustration ;
_c 24 cm.
336 _2rda contenu
_a texte
337 _2rda medias
_aOrdinateur
338 _2 transporteur rda
_a Ressource en ligne
504 _a
546 _aText in English
650 1 4 _aPrivate international law
_2
651 1 _2
856 4 0 _uhttps://fll.law.cu.edu.eg/fulltext/bks/B12-02346.pdf
905 _a50
942 _2ddc
_cBK
_e21
_n0
999 _c63905
_d63905